| 000 | 00611cam a2200193 4500 | ||
|---|---|---|---|
| 005 | 20251009083420.0 | ||
| 008 | 251009b ag |||||||| |||| 00| 0 spa d | ||
| 020 | _a9500080222 | ||
| 050 | 0 | 4 |
_aKHA701 _bC34 1982 |
| 100 | 1 | _aCafferata, José Ignacio | |
| 245 | 1 | 0 |
_aLegítima y sucesión intestada _c / José Ignacio Caffetara |
| 250 | _a1a ed. | ||
| 260 |
_aBuenos Aires : _bAstrea de Alfredo y Ricardo Depalma, _c1982 |
||
| 300 |
_a135 p. ; _c19 cm. |
||
| 490 | 0 |
_aEnsayos jurídicos ; _v 28 |
|
| 504 | _aBibliografía : p. 133-135 | ||
| 650 | 7 |
_2lemb _aDerecho sucesorio _xArgentina |
|
| 942 |
_2lcc _cLIB |
||
| 999 |
_c135806 _d135806 |
||